| 000 | 00655nam a2200217Ia 4500 | ||
|---|---|---|---|
| 003 | OSt | ||
| 005 | 20220720095623.0 | ||
| 008 | 210716s2006 xx 000 0 und d | ||
| 020 | _a9788177226829 | ||
| 040 | _cAIMIT LIBRARY | ||
| 041 | _aeng | ||
| 082 |
_a005.4482 _21 _bSILV |
||
| 100 |
_aSilva, Vladimir. _951569 |
||
| 245 |
_aGrid computing for developers / _cBy Vladimir Silva. |
||
| 250 | _a1st ed. | ||
| 260 |
_aNew Delhi : _bDreamtech Press , _c2006 . |
||
| 300 |
_axxiv, 547p. ; _bPB _c23.5 cm. |
||
| 650 |
_aOpen grid services architecture _951570 |
||
| 650 |
_aWeb services resource framework _951571 |
||
| 942 |
_2ddc _cBK _e1st _k005.4482 SILV |
||
| 999 |
_c190500 _d190500 |
||